Occupational pension schemes : a survey (Record no. 429081)

000 -LEADER
fixed length control field 00277cam a22000977a 4500
008 - FIXED-LENGTH DATA ELEMENTS--GENERAL INFORMATION
fixed length control field 180718b1958 xxu||||| |||| 00| 0 eng d
082 ## - DEWEY DECIMAL CLASSIFICATION NUMBER
Classification number K85x42/ Un3Q
245 ## - TITLE STATEMENT
Title Occupational pension schemes : a survey
260 ## - PUBLICATION, DISTRIBUTION, ETC.
Place of publication, distribution, etc. London
Name of publisher, distributor, etc. Her Majesty's Stationery Office
Date of publication, distribution, etc. 1958
300 ## - PHYSICAL DESCRIPTION
Extent 27p.
Holdings
Withdrawn status Lost status Damaged status Not for loan Permanent Location Current Location Date acquired Full call number Barcode Date last seen Price effective from Koha item type
        Indian Institute of Public Administration Indian Institute of Public Administration 2009-12-21 K85x42/ Un3Q 12413 2018-07-21 2018-07-21 Book

Powered by Koha